[Event "2. Bundesliga Ost 2017/2018"]
[Site "alle Wien"]
[Date "2018.04.08"]
[Round "11"]
[Board "2"]
[White "Morgunov, Marc"]
[Black "Pingitzer, Harald"]
[Result "1-0"]
[WhiteElo "2203"]
[BlackElo "2330"]
[PlyCount "77"]
[EventDate "2017.10.21"]
[EventType "team"]
[EventRounds "11"]
[EventCountry "AUT"]
[WhiteTeam "tschaturanga"]
[BlackTeam "SC Donaustadt"]

1. e4 c6 2. d3 d5 3. Nd2 e5 4. Ngf3 Bd6 5. d4 exd4 6. exd5 cxd5 7. Nxd4 Nc6 8.
N2b3 Nge7 9. Be2 O-O 10. O-O h6 11. c3 a6 12. Be3 Qc7 13. h3 Ne5 14. Bf4 N7g6
15. Bg3 Bd7 16. Re1 Rad8 17. Qc2 b5 18. Rad1 Qb6 19. Bh5 Bc8 20. Nc1 Bb8 21.
Bxg6 Nxg6 22. Bxb8 Qxb8 23. Nc6 Qf4 24. Nxd8 Rxd8 25. Qd3 Qf6 26. Ne2 Bf5 27.
Qd4 Qg5 28. f4 Qh4 29. Qf2 Qf6 30. Ng3 Bc8 31. Nh5 Qd6 32. f5 Nf8 33. Rd4 Nh7
34. Rg4 Ng5 35. h4 g6 36. fxg6 Bxg4 37. hxg5 f5 38. Nf6+ Kg7 39. Nxg4  1-0

[Event "2. Bundesliga Ost 2017/2018"]
[Site "alle Wien"]
[Date "2018.04.08"]
[Round "11"]
[Board "3"]
[White "Schwab, Lukas"]
[Black "Sadilek, Maximilian"]
[Result "1-0"]
[WhiteElo "2196"]
[BlackElo "2271"]
[PlyCount "99"]
[EventDate "2017.10.21"]
[EventType "team"]
[EventRounds "11"]
[EventCountry "AUT"]
[WhiteTeam "SC Donaustadt"]
[BlackTeam "tschaturanga"]

1. e4 e6 2. d4 d5 3. Nd2 dxe4 4. Nxe4 Nf6 5. Nxf6+ gxf6 6. Nf3 Nc6 7. c3 Qd5 8.
Qc2 Bd7 9. Bd3 Rg8 10. Be4 Qh5 11. Nd2 O-O-O 12. Bf3 Qg6 13. Qxg6 fxg6 14. Nb3
Bd6 15. Be3 Ne7 16. O-O-O Nf5 17. g3 Nxe3 18. fxe3 g5 19. Na5 c6 20. Rhf1 g4
21. Be4 f5 22. Bc2 Rdf8 23. Nc4 Be7 24. Ne5 Bg5 25. Rde1 h5 26. Kb1 h4 27. Bb3
Kd8 28. Rg1 Bf6 29. Nd3 Ke7 30. e4 Bg5 31. exf5 Rxf5 32. Nc5 Rxc5 33. dxc5 h3
34. Re4 Bf6 35. Rge1 Rg5 36. Bxe6 Bxe6 37. Rxe6+ Kf7 38. R6e4 Kg6 39. Rf1 Be5
40. Rb4 Bf6 41. Rff4 a5 42. Rbe4 Rxc5 43. Rxg4+ Kf7 44. Rgf4 b5 45. Rf2 Kg7 46.
Ref4 Bg5 47. Rf5 Be3 48. Rxc5 Bxc5 49. Rf5 Bg1 50. Rh5  1-0

[Event "2. Bundesliga Ost 2017/2018"]
[Site "alle Wien"]
[Date "2018.04.08"]
[Round "11"]
[Board "4"]
[White "Morgunov, Daniel"]
[Black "Sandhu, Mario"]
[Result "1-0"]
[WhiteElo "2231"]
[BlackElo "2282"]
[PlyCount "95"]
[EventDate "2017.10.21"]
[EventType "team"]
[EventRounds "11"]
[EventCountry "AUT"]
[WhiteTeam "tschaturanga"]
[BlackTeam "SC Donaustadt"]

1. Nf3 Nf6 2. g3 d5 3. Bg2 c6 4. O-O Bf5 5. d3 h6 6. Nbd2 e6 7. b3 Nbd7 8. Bb2
Bc5 9. Re1 Qb6 10. e3 O-O 11. Qe2 Bg4 12. h3 Bxf3 13. Nxf3 a5 14. Rab1 a4 15.
b4 Be7 16. a3 Qc7 17. e4 dxe4 18. dxe4 e5 19. c4 Rfd8 20. Rbd1 Nh7 21. h4 Nhf8
22. c5 Bf6 23. Bh3 b6 24. cxb6 Qxb6 25. Nd2 c5 26. Nc4 Qb5 27. Bc3 cxb4 28. Rd5
Nc5 29. Bxb4 Rxd5 30. exd5 Nb3 31. Qe4 Nd4 32. d6 Rd8 33. Ne3 g6 34. Bf1 Qc6
35. Nd5 Rxd6 36. Bxd6 Qxd6 37. Nxf6+ Qxf6 38. Bg2 Kg7 39. Qxe5 Nc2 40. Qxf6+
Kxf6 41. Rc1 Nxa3 42. Bf1 Ne6 43. Bd3 Nd4 44. Ra1 Ndb5 45. Kg2 h5 46. Kf3 Ke5
47. Ke3 Kd5 48. Kf4  1-0

[Event "2. Bundesliga Ost 2017/2018"]
[Site "alle Wien"]
[Date "2018.04.08"]
[Round "11"]
[Board "5"]
[White "Karlusch, Albrecht"]
[Black "Chirita-Mihaila, Marius-Consta"]
[Result "0-1"]
[WhiteElo "2128"]
[BlackElo "2086"]
[PlyCount "24"]
[EventDate "2017.10.21"]
[EventType "team"]
[EventRounds "11"]
[EventCountry "AUT"]
[WhiteTeam "SC Donaustadt"]
[BlackTeam "tschaturanga"]

1. e4 g6 2. d4 Bg7 3. Nc3 d6 4. Be3 a6 5. h4 h5 6. f4 Nf6 7. Nf3 b5 8. e5 Ng4
9. Qd2 O-O 10. Ne4 c5 11. c4 bxc4 12. Bxc4 d5  0-1

[Event "2. Bundesliga Ost 2017/2018"]
[Site "alle Wien"]
[Date "2018.04.08"]
[Round "11"]
[Board "6"]
[White "Leitner, Gerald"]
[Black "Hofbauer, Peter"]
[Result "0-1"]
[WhiteElo "2118"]
[BlackElo "2046"]
[PlyCount "52"]
[EventDate "2017.10.21"]
[EventType "team"]
[EventRounds "11"]
[EventCountry "AUT"]
[WhiteTeam "tschaturanga"]
[BlackTeam "SC Donaustadt"]

1. c4 e5 2. Nc3 Nf6 3. e3 c6 4. Nf3 e4 5. Nd4 d5 6. cxd5 cxd5 7. d3 Be7 8. dxe4
dxe4 9. Qc2 O-O 10. Bd2 Qc7 11. Rc1 Qe5 12. Be2 Nc6 13. Nxc6 bxc6 14. Na4 Qg5
15. Kf1 Rd8 16. a3 Be6 17. Bc3 Rab8 18. b4 a5 19. Bxf6 Qxf6 20. Nc5 axb4 21.
Nxe4 Qg6 22. axb4 Rxb4 23. f3 Bf5 24. Kf2 Bxe4 25. fxe4 Qf6+ 26. Ke1 Rb2  0-1

[Event "2. Bundesliga Ost 2017/2018"]
[Site "alle Wien"]
[Date "2018.04.08"]
[Round "11"]
[Board "1"]
[White "Schwarhofer, Christopher"]
[Black "Lizak, Peter"]
[Result "1-0"]
[WhiteElo "2370"]
[BlackElo "2451"]
[PlyCount "65"]
[EventDate "2017.10.21"]
[EventType "team"]
[EventRounds "11"]
[EventCountry "AUT"]
[WhiteTeam "Blackburne Nickelsdorf"]
[BlackTeam "SC Data Technology Pressbaum/E."]

1. e4 e6 2. Qe2 c5 3. d3 Nc6 4. c3 d5 5. g3 Nge7 6. Nf3 b6 7. Bg2 Ba6 8. e5 Qc7
9. O-O h6 10. h4 g5 11. hxg5 Ng6 12. Re1 Bg7 13. gxh6 Bxh6 14. Bxh6 Rxh6 15.
Qd2 Rh5 16. d4 O-O-O 17. Na3 Na5 18. b4 cxb4 19. cxb4 Nc4 20. Nxc4 dxc4 21. Qe3
Bb7 22. Nd2 Bxg2 23. Kxg2 Qb7+ 24. Ne4 Kb8 25. Kf1 Qd5 26. Rad1 Rh1+ 27. Ke2
Rxe1+ 28. Kxe1 Ne7 29. Nd6 Nc6 30. a3 f5 31. Ke2 Rd7 32. b5 Ne7 33. Qf3  1-0

[Event "2. Bundesliga Ost 2017/2018"]
[Site "alle Wien"]
[Date "2018.04.08"]
[Round "11"]
[Board "2"]
[White "Videki, Sandor"]
[Black "Bachofner, Andreas"]
[Result "1/2-1/2"]
[WhiteElo "2416"]
[BlackElo "2186"]
[PlyCount "69"]
[EventDate "2017.10.21"]
[EventType "team"]
[EventRounds "11"]
[EventCountry "AUT"]
[WhiteTeam "SC Data Technology Pressbaum/E."]
[BlackTeam "Blackburne Nickelsdorf"]

1. e4 e6 2. d4 d5 3. Nc3 Nf6 4. Bg5 Bb4 5. e5 h6 6. Bd2 Bxc3 7. bxc3 Ne4 8. Qg4
g6 9. Bd3 Nxd2 10. Kxd2 c5 11. h4 Nc6 12. Nf3 Qa5 13. Qf4 Nxd4 14. Nxd4 cxd4
15. Qxd4 Bd7 16. a4 Rc8 17. Rhb1 b6 18. Rb4 Qc5 19. a5 b5 20. a6 O-O 21. Rab1
Rc7 22. R1b3 Qxd4 23. cxd4 Rb8 24. c3 Rb6 25. Ra3 Kf8 26. Ra5 Rc8 27. Bxb5 Bxb5
28. Rbxb5 Rxb5 29. Rxb5 Rc6 30. Ra5 Ke7 31. Kd3 Kd7 32. Ra4 Rb6 33. Kc2 Kc6 34.
c4 dxc4 35. Rxc4+  1/2-1/2

[Event "2. Bundesliga Ost 2017/2018"]
[Site "alle Wien"]
[Date "2018.04.08"]
[Round "11"]
[Board "3"]
[White "Gutsch, Franz"]
[Black "Rumpl, Erwin"]
[Result "0-1"]
[WhiteElo "2078"]
[BlackElo "2267"]
[PlyCount "90"]
[EventDate "2017.10.21"]
[EventType "team"]
[EventRounds "11"]
[EventCountry "AUT"]
[WhiteTeam "Blackburne Nickelsdorf"]
[BlackTeam "SC Data Technology Pressbaum/E."]

1. d4 Nf6 2. Nf3 g6 3. Nc3 d5 4. Bf4 c6 5. Qd2 Bf5 6. h3 Nbd7 7. Ne5 h5 8.
O-O-O Bg7 9. f3 h4 10. e3 Nh5 11. Bh2 Nxe5 12. dxe5 Ng3 13. Bxg3 hxg3 14. f4 f6
15. exf6 Bxf6 16. Ne2 Qb6 17. c3 Bh4 18. Nd4 e6 19. Bd3 O-O-O 20. Qe2 c5 21.
Nf3 Bf6 22. e4 dxe4 23. Bxe4 Qc7 24. Ne5 Bxe5 25. fxe5 Kb8 26. Bxf5 gxf5 27.
Qe3 Qa5 28. Kb1 Qa4 29. Rd6 f4 30. Qd3 Rxd6 31. Qxd6+ Ka8 32. Qd3 Qc6 33. Rd1
a6 34. Rd2 f3 35. gxf3 Rxh3 36. Qf1 Rh2 37. Rg2 Rxg2 38. Qxg2 Qd5 39. Kc2 Qxe5
40. Kd2 c4 41. Qe2 Qg5+ 42. Qe3 Qg6 43. Qc5 Qg8 44. Qg1 e5 45. Ke2 Qg6  0-1

[Event "2. Bundesliga Ost 2017/2018"]
[Site "alle Wien"]
[Date "2018.04.08"]
[Round "11"]
[Board "4"]
[White "Neumeier, Klaus"]
[Black "Gratze, Michael"]
[Result "1-0"]
[WhiteElo "2302"]
[BlackElo "1968"]
[PlyCount "71"]
[EventDate "2017.10.21"]
[EventType "team"]
[EventRounds "11"]
[EventCountry "AUT"]
[WhiteTeam "SC Data Technology Pressbaum/E."]
[BlackTeam "Blackburne Nickelsdorf"]

1. Nf3 Nf6 2. c4 g6 3. g3 Bg7 4. Bg2 O-O 5. d4 d6 6. Nc3 Nc6 7. d5 Na5 8. Nd2
c5 9. Qc2 a6 10. b3 b5 11. Bb2 bxc4 12. bxc4 Rb8 13. Nd1 e6 14. O-O exd5 15.
cxd5 Re8 16. e4 Bg4 17. Bc3 Be2 18. Re1 Bb5 19. Ne3 Nb7 20. h3 Bd7 21. Rab1 h5
22. Ndc4 Qe7 23. e5 dxe5 24. Bxe5 Qf8 25. Bxb8 Rxb8 26. Rb6 Qc8 27. Reb1 Bb5
28. a4 Bxc4 29. Nxc4 Nd7 30. Rxa6 Bd4 31. a5 h4 32. g4 Nf6 33. Bf3 Nd8 34. Rxb8
Qxb8 35. d6 Ne6 36. Ra8  1-0

[Event "2. Bundesliga Ost 2017/2018"]
[Site "alle Wien"]
[Date "2018.04.08"]
[Round "11"]
[Board "5"]
[White "Bachofner, Christian"]
[Black "Schmidrathner, Christian"]
[Result "1/2-1/2"]
[WhiteElo "1991"]
[BlackElo "2049"]
[PlyCount "50"]
[EventDate "2017.10.21"]
[EventType "team"]
[EventRounds "11"]
[EventCountry "AUT"]
[WhiteTeam "Blackburne Nickelsdorf"]
[BlackTeam "SC Data Technology Pressbaum/E."]

1. e4 c5 2. Nf3 d6 3. d4 cxd4 4. Nxd4 Nf6 5. Nc3 g6 6. Bc4 Bg7 7. f3 Nc6 8. Be3
O-O 9. Bb3 Bd7 10. Qd2 Rc8 11. O-O-O Nxd4 12. Bxd4 b5 13. g4 a5 14. a3 a4 15.
Ba2 Qa5 16. g5 Nh5 17. Bxg7 Nxg7 18. Nd5 Qd8 19. h4 Be6 20. Kb1 Bxd5 21. Bxd5
Nh5 22. f4 Rc5 23. Qf2 e6 24. Ba2 Qc7 25. c3 Qc6  1/2-1/2

[Event "2. Bundesliga Ost 2017/2018"]
[Site "alle Wien"]
[Date "2018.04.08"]
[Round "11"]
[Board "6"]
[White "Wandl, Werner"]
[Black "Jirovec, Alfred"]
[Result "1-0"]
[WhiteElo "2001"]
[BlackElo "2002"]
[PlyCount "75"]
[EventDate "2017.10.21"]
[EventType "team"]
[EventRounds "11"]
[EventCountry "AUT"]
[WhiteTeam "SC Data Technology Pressbaum/E."]
[BlackTeam "Blackburne Nickelsdorf"]

1. e4 e6 2. d4 d5 3. Bd3 Nf6 4. e5 Nfd7 5. Ne2 c5 6. c3 Nc6 7. Nd2 cxd4 8. cxd4
Be7 9. O-O Qb6 10. Nf3 Qd8 11. Be3 Nb6 12. a3 Na5 13. b3 Bd7 14. Nd2 Rc8 15. f4
g6 16. Kh1 h5 17. Nf3 Kf8 18. Qb1 Kg7 19. Ng5 Qe8 20. Rf3 Bxg5 21. fxg5 Bb5 22.
Bd2 Bxd3 23. Qxd3 Nc6 24. Raf1 Rf8 25. Nf4 Ne7 26. Nxe6+ fxe6 27. Rxf8 Qxf8 28.
Rxf8 Rxf8 29. Bb4 Rf7 30. h3 Nf5 31. g4 hxg4 32. hxg4 Ne7 33. Kg2 Nc6 34. Bd6
Rf4 35. Qh3 Nxd4 36. Qh6+ Kg8 37. Qxg6+ Kh8 38. Be7  1-0

[Event "2. Bundesliga Ost 2017/2018"]
[Site "alle Wien"]
[Date "2018.04.08"]
[Round "11"]
[Board "1"]
[White "Galyas, Miklos"]
[Black "Burlacu, Bogdan"]
[Result "1/2-1/2"]
[WhiteElo "2506"]
[BlackElo "2293"]
[PlyCount "89"]
[EventDate "2017.10.21"]
[EventType "team"]
[EventRounds "11"]
[EventCountry "AUT"]
[WhiteTeam "ASVOE Pamhagen 2"]
[BlackTeam "SK Mostarrichi"]

1. c4 Nf6 2. g3 g6 3. Bg2 Bg7 4. Nc3 O-O 5. e4 e5 6. Nge2 d6 7. O-O Ne8 8. d4
exd4 9. Nxd4 Nd7 10. Be3 c6 11. h3 a5 12. Qc2 Nc5 13. Rad1 a4 14. Nxc6 bxc6 15.
Bxc5 Be6 16. b3 axb3 17. axb3 Qc8 18. Bxd6 Nxd6 19. Rxd6 Be5 20. Rd3 Bxh3 21.
Na4 Ra7 22. Nb6 Qa6 23. c5 Be6 24. f4 Bc7 25. f5 Bxb6 26. fxe6 Bd8 27. exf7+
Raxf7 28. Rxf7 Kxf7 29. Bf1 Qa1 30. Rf3+ Kg7 31. Qc3+ Bf6 32. Qxa1 Bxa1 33. Rd3
Kf6 34. Rd6+ Ke5 35. Bc4 Rf6 36. Rxf6 Kxf6 37. Kg2 Bc3 38. Ba6 Ke7 39. Bb7 Kd7
40. Kf3 Bb4 41. Kg4 h6 42. Kf4 Bxc5 43. Ke5 Bd6+ 44. Kf6 Bxg3 45. Kxg6  1/2-1/2

[Event "2. Bundesliga Ost 2017/2018"]
[Site "alle Wien"]
[Date "2018.04.08"]
[Round "11"]
[Board "2"]
[White "Hofmann, Thomas"]
[Black "Lipka, Juraj"]
[Result "0-1"]
[WhiteElo "2304"]
[BlackElo "2416"]
[PlyCount "49"]
[EventDate "2017.10.21"]
[EventType "team"]
[EventRounds "11"]
[EventCountry "AUT"]
[WhiteTeam "SK Mostarrichi"]
[BlackTeam "ASVOE Pamhagen 2"]

1. d4 d5 2. c4 c6 3. Nc3 Nf6 4. cxd5 cxd5 5. f3 Nc6 6. e4 e6 7. e5 Nd7 8. f4 f5
9. exf6 Nxf6 10. Nf3 Bd6 11. Bd3 Qb6 12. Bc2 O-O 13. O-O Bd7 14. Kh1 Rac8 15.
a3 Rfe8 16. Qd3 Re7 17. b4 Be8 18. Na4 Qc7 19. Qd2 Nxb4 20. Bxh7+ Nxh7 21. axb4
Qc2 22. Nc5 Qxd2 23. Bxd2 b6 24. Nd3 Bb5 25. Nfe1  0-1

[Event "2. Bundesliga Ost 2017/2018"]
[Site "alle Wien"]
[Date "2018.04.08"]
[Round "11"]
[Board "3"]
[White "Maslik, Miroslav"]
[Black "Ehs, Dominik"]
[Result "1-0"]
[WhiteElo "2355"]
[BlackElo "2082"]
[PlyCount "75"]
[EventDate "2017.10.21"]
[EventType "team"]
[EventRounds "11"]
[EventCountry "AUT"]
[WhiteTeam "ASVOE Pamhagen 2"]
[BlackTeam "SK Mostarrichi"]

1. d4 Nf6 2. Bg5 g6 3. Bxf6 exf6 4. e3 Bg7 5. c4 b6 6. Be2 Bb7 7. Bf3 Bxf3 8.
Qxf3 Nc6 9. Nc3 O-O 10. Nge2 f5 11. O-O Re8 12. Nf4 Na5 13. b3 Rb8 14. Rad1 a6
15. e4 fxe4 16. Nxe4 Nc6 17. Ne2 b5 18. c5 Qe7 19. N4g3 h5 20. d5 Ne5 21. Qe3
h4 22. d6 cxd6 23. cxd6 Qd8 24. Ne4 Ng4 25. Qf3 f5 26. Nc5 Rc8 27. b4 Ne5 28.
Qd5+ Kh7 29. Rfe1 h3 30. Nf4 hxg2 31. Qxg2 Qh4 32. Nd5 Qh5 33. Kh1 Nc4 34. Nxd7
Kh8 35. N7f6 Rxe1+ 36. Rxe1 Qh4 37. d7 Rf8 38. Re8  1-0

[Event "2. Bundesliga Ost 2017/2018"]
[Site "alle Wien"]
[Date "2018.04.08"]
[Round "11"]
[Board "4"]
[White "Steiner, Heinz"]
[Black "Alvir, Aco"]
[Result "1/2-1/2"]
[WhiteElo "2141"]
[BlackElo "2337"]
[PlyCount "33"]
[EventDate "2017.10.21"]
[EventType "team"]
[EventRounds "11"]
[EventCountry "AUT"]
[WhiteTeam "SK Mostarrichi"]
[BlackTeam "ASVOE Pamhagen 2"]

1. d4 c5 2. c3 Nf6 3. Nf3 e6 4. Bf4 cxd4 5. cxd4 Qb6 6. Qc2 Nc6 7. e3 d6 8. a3
Bd7 9. Bd3 Be7 10. Nc3 O-O 11. O-O Rfc8 12. Qe2 a5 13. Nb5 a4 14. Nxd6 Bxd6 15.
Bxd6 Nxd4 16. Nxd4 Qxd6 17. Rfd1  1/2-1/2

[Event "2. Bundesliga Ost 2017/2018"]
[Site "alle Wien"]
[Date "2018.04.08"]
[Round "11"]
[Board "5"]
[White "Franzen, Jozef"]
[Black "Rechberger, Franz"]
[Result "1-0"]
[WhiteElo "2267"]
[BlackElo "2141"]
[PlyCount "105"]
[EventDate "2017.10.21"]
[EventType "team"]
[EventRounds "11"]
[EventCountry "AUT"]
[WhiteTeam "ASVOE Pamhagen 2"]
[BlackTeam "SK Mostarrichi"]

1. Nf3 c5 2. g3 Nc6 3. Bg2 g6 4. O-O Bg7 5. e4 Nf6 6. Re1 d5 7. exd5 Nxd5 8. d3
O-O 9. Nbd2 b6 10. a4 Bb7 11. Nc4 Qc7 12. c3 Rad8 13. Qc2 a6 14. Bd2 b5 15.
axb5 axb5 16. Ne3 Nb6 17. Red1 Ne5 18. Nxe5 Bxg2 19. Nxg6 Bb7 20. Nh4 Qc6 21.
f3 Bf6 22. Neg2 Rd7 23. Be3 Nd5 24. Bf2 Nc7 25. Qe2 Rfd8 26. d4 cxd4 27. Bxd4
e5 28. Be3 Nd5 29. Bf2 e4 30. fxe4 Nc7 31. Rxd7 Rxd7 32. Bd4 Bxd4+ 33. cxd4
Qxe4 34. Qxe4 Bxe4 35. Ra7 Kf8 36. Nf4 Ke7 37. Kf2 Kd8 38. Ke3 f5 39. Ra1 Ne8
40. Nf3 Ke7 41. Nd2 Nf6 42. Nxe4 Nxe4 43. Ra8 Nf6 44. h3 Ne4 45. g4 Nd6 46. b3
Kf6 47. Rf8+ Ke7 48. Rb8 Kf6 49. Rb6 fxg4 50. hxg4 Kg5 51. Nd3 Re7+ 52. Ne5 Re6
53. Rxd6  1-0

[Event "2. Bundesliga Ost 2017/2018"]
[Site "alle Wien"]
[Date "2018.04.08"]
[Round "11"]
[Board "1"]
[White "Jovanovic, Dusan"]
[Black "Pacher, Milan"]
[Result "1-0"]
[WhiteElo "2379"]
[BlackElo "2433"]
[PlyCount "73"]
[EventDate "2017.10.21"]
[EventType "team"]
[EventRounds "11"]
[EventCountry "AUT"]
[WhiteTeam "SK Sparkasse Bad Voeslau"]
[BlackTeam "SK Austria"]

1. Nf3 d5 2. c4 e6 3. b3 Be7 4. Bb2 Bf6 5. Nc3 c5 6. g3 Nc6 7. Bg2 Nge7 8. O-O
O-O 9. e3 dxc4 10. bxc4 Qd3 11. Na4 Qxc4 12. Bxf6 gxf6 13. Rc1 Qxa2 14. Nxc5 a5
15. d4 Kh8 16. Nd2 b6 17. Ra1 Qb2 18. Rb1 Qxb1 19. Qxb1 bxc5 20. Ne4 cxd4 21.
Nxf6 Kg7 22. Nh5+ Kh6 23. Nf6 Kg7 24. Ne4 Ba6 25. Rc1 Rad8 26. Qb6 Be2 27. exd4
Nxd4 28. Qxa5 Ng6 29. h4 h5 30. Qg5 Bg4 31. Rc7 Rd5 32. Qf6+ Kg8 33. f3 Bf5 34.
Nc3 Rd6 35. g4 hxg4 36. h5 Bd3 37. fxg4  1-0

[Event "2. Bundesliga Ost 2017/2018"]
[Site "alle Wien"]
[Date "2018.04.08"]
[Round "11"]
[Board "2"]
[White "Mazur, Stefan"]
[Black "Juhasz, Kristof"]
[Result "1/2-1/2"]
[WhiteElo "2444"]
[BlackElo "2404"]
[PlyCount "89"]
[EventDate "2017.10.21"]
[EventType "team"]
[EventRounds "11"]
[EventCountry "AUT"]
[WhiteTeam "SK Austria"]
[BlackTeam "SK Sparkasse Bad Voeslau"]

1. e4 e5 2. Nf3 Nf6 3. Nxe5 d6 4. Nf3 Nxe4 5. d4 d5 6. Bd3 Nc6 7. O-O Be7 8.
Nc3 Bf5 9. Re1 Nxc3 10. bxc3 Bxd3 11. Qxd3 O-O 12. Rb1 Na5 13. c4 Nxc4 14. Rxb7
Qc8 15. Rb1 Bd6 16. Ng5 g6 17. Qf3 c6 18. Bf4 Rb8 19. Rxb8 Qxb8 20. Bxd6 Qxd6
21. Qh3 h5 22. Qf3 Qd7 23. Qf6 Re8 24. Rxe8+ Qxe8 25. h4 Na3 26. g4 hxg4 27. h5
gxh5 28. Qh6 g3 29. Qh7+ Kf8 30. Qh6+ Kg8 31. Qh7+ Kf8 32. Qh6+ Ke7 33. Nf3
gxf2+ 34. Kxf2 Nc4 35. Ne5 Nxe5 36. dxe5 Kd7 37. Qxh5 Qe6 38. Ke3 c5 39. Kf4
Qg6 40. Qh3+ Ke7 41. Qc3 Qh6+ 42. Kf5 Qg6+ 43. Kf4 Qe4+ 44. Kg5 Qg6+ 45. Kf4
 1/2-1/2

[Event "2. Bundesliga Ost 2017/2018"]
[Site "alle Wien"]
[Date "2018.04.08"]
[Round "11"]
[Board "3"]
[White "Plachetka, Jan"]
[Black "Hangweyrer, Manfred"]
[Result "1/2-1/2"]
[WhiteElo "2314"]
[BlackElo "2370"]
[PlyCount "26"]
[EventDate "2017.10.21"]
[EventType "team"]
[EventRounds "11"]
[EventCountry "AUT"]
[WhiteTeam "SK Sparkasse Bad Voeslau"]
[BlackTeam "SK Austria"]

1. d4 d5 2. Nf3 Nf6 3. c4 c6 4. Nc3 a6 5. cxd5 cxd5 6. Bf4 Nc6 7. e3 Bf5 8. Bd3
Bxd3 9. Qxd3 e6 10. O-O Bd6 11. Bxd6 Qxd6 12. Rfc1 O-O 13. Na4 Ne4  1/2-1/2

[Event "2. Bundesliga Ost 2017/2018"]
[Site "alle Wien"]
[Date "2018.04.08"]
[Round "11"]
[Board "4"]
[White "Macko, Miroslav"]
[Black "Lampl, Gerald"]
[Result "1-0"]
[WhiteElo "2245"]
[BlackElo "2108"]
[PlyCount "65"]
[EventDate "2017.10.21"]
[EventType "team"]
[EventRounds "11"]
[EventCountry "AUT"]
[WhiteTeam "SK Austria"]
[BlackTeam "SK Sparkasse Bad Voeslau"]

1. e4 c6 2. d4 d5 3. Nc3 dxe4 4. Nxe4 Nd7 5. Nf3 Ndf6 6. Ng3 Bg4 7. Be2 e6 8.
O-O Bxf3 9. Bxf3 Qd6 10. c3 h6 11. Qe2 Ne7 12. Rd1 Rd8 13. a4 a5 14. b3 Ned5
15. Ba3 Qf4 16. Bxf8 Kxf8 17. c4 Nb4 18. Qb2 Rd7 19. Ne2 Qd6 20. Nc3 Qf4 21.
Na2 Nxa2 22. Rxa2 g5 23. Qc3 g4 24. Be2 Ne4 25. Qe1 Ng5 26. Qxa5 Nf3+ 27. Bxf3
gxf3 28. Qc3 Rg8 29. g3 e5 30. Qe3 Rxd4 31. Rad2 c5 32. Qxf4 exf4 33. Rxd4  1-0

[Event "2. Bundesliga Ost 2017/2018"]
[Site "alle Wien"]
[Date "2018.04.08"]
[Round "11"]
[Board "5"]
[White "Miazhynski, Yuri"]
[Black "Druckenthaner, Andreas"]
[Result "1/2-1/2"]
[WhiteElo "2156"]
[BlackElo "2277"]
[PlyCount "109"]
[EventDate "2017.10.21"]
[EventType "team"]
[EventRounds "11"]
[EventCountry "AUT"]
[WhiteTeam "SK Sparkasse Bad Voeslau"]
[BlackTeam "SK Austria"]

1. Nf3 Nc6 2. c4 e5 3. Nc3 g6 4. d3 Bg7 5. h4 Nf6 6. Nd5 d6 7. Nxf6+ Qxf6 8. e3
Bg4 9. Be2 O-O 10. Ng5 Bxe2 11. Qxe2 h6 12. Ne4 Qe6 13. Nc3 Ne7 14. Bd2 c6 15.
h5 g5 16. g4 f5 17. gxf5 Nxf5 18. O-O-O d5 19. Qg4 Qf7 20. f4 gxf4 21. exf4 e4
22. dxe4 dxe4 23. Nxe4 Qxc4+ 24. Bc3 Qxe4 25. Rhe1 Qc4 26. Re5 Rad8 27. Rxd8
Rxd8 28. Rxf5 Qf1+ 29. Kc2 Qd3+ 30. Kb3 Qd1+ 31. Qxd1 Rxd1 32. a4 Rd7 33. Ra5
a6 34. Kc4 Rf7 35. f5 b5+ 36. Kd3 Rxf5 37. Rxa6 Bxc3 38. bxc3 bxa4 39. Rxa4
Rxh5 40. Ra7 Re5 41. Kd4 Re6 42. Kc5 h5 43. c4 h4 44. Kb6 h3 45. c5 h2 46. Ra1
Rh6 47. Rh1 Kf7 48. Kb7 Ke8 49. Kb6 Kd7 50. Rd1+ Ke7 51. Rh1 Kd8 52. Rd1+ Kc8
53. Rh1 Kd7 54. Rd1+ Ke7 55. Rh1  1/2-1/2

[Event "2. Bundesliga Ost 2017/2018"]
[Site "alle Wien"]
[Date "2018.04.08"]
[Round "11"]
[Board "6"]
[White "Iro, Christian"]
[Black "Juhasz, Agoston"]
[Result "1/2-1/2"]
[WhiteElo "2035"]
[BlackElo "2132"]
[PlyCount "163"]
[EventDate "2017.10.21"]
[EventType "team"]
[EventRounds "11"]
[EventCountry "AUT"]
[WhiteTeam "SK Austria"]
[BlackTeam "SK Sparkasse Bad Voeslau"]

1. e4 c6 2. d4 d5 3. Nc3 dxe4 4. Nxe4 Bf5 5. Ng3 Bg6 6. Nf3 Nd7 7. Bd3 Bxd3 8.
Qxd3 e6 9. O-O Ngf6 10. c4 Be7 11. b3 O-O 12. Bb2 a5 13. Rad1 Qc7 14. Rfe1 Rfd8
15. a3 Bd6 16. Qe2 Nf8 17. Ne4 Nxe4 18. Qxe4 Qe7 19. a4 Bb4 20. Re2 Nd7 21. Qc2
Rac8 22. Bc3 b5 23. Red2 Nf6 24. Bxb4 Qxb4 25. axb5 cxb5 26. c5 Rd5 27. Ra1 g5
28. h3 h5 29. Rad1 Nd7 30. Re2 Kg7 31. h4 gxh4 32. Rde1 Ra8 33. Re4 a4 34. bxa4
bxa4 35. Rxh4 a3 36. Rhe4 Nb8 37. Ra1 Nc6 38. Re3 Nxd4 39. Nxd4 Rxd4 40. Rg3+
Rg4 41. Qc3+ Qxc3 42. Rxc3 Rga4 43. c6 Rc8 44. Raxa3 Rxa3 45. Rxa3 Rxc6 46. g3
Kg6 47. Kg2 Rc2 48. Kf3 Kg5 49. Re3 Rc5 50. Rb3 f5 51. Rb8 Rc3+ 52. Kg2 Rc5 53.
Kf3 Rc3+ 54. Kg2 Rc7 55. Rg8+ Kf6 56. Rh8 Kg6 57. Rg8+ Rg7 58. Re8 Kf6 59. Rh8
Kg5 60. Re8 Rg6 61. Kf3 Rh6 62. Rg8+ Kf6 63. Rf8+ Ke7 64. Ra8 Kd6 65. Ra6+ Ke5
66. Ra5+ Kf6 67. Ra6 Kg5 68. Ra8 e5 69. Rg8+ Rg6 70. Re8 e4+ 71. Ke3 Kg4 72.
Rf8 Ra6 73. Rg8+ Kh3 74. Kf4 Ra5 75. Rh8 Kg2 76. Rxh5 Kxf2 77. g4 e3 78. Rh2+
Kg1 79. Re2 fxg4 80. Kg3 Kf1 81. Rxe3 Ra4 82. Rb3  1/2-1/2